Dinosaures les plus grands par image - Statistiques

Statistiques générales
  • Ce quiz a été pris 376 fois
  • Le résultat moyen est 4 sur 15
Statistiques - réponses
Par images Hint Réponse % Correct
26 mètres Diplodocus
96%
30 mètres Brachiosaurus
92%
30 mètres Argentinosaurus
69%
22 mètres Apatosaurus
41%
21 mètres Brontosaurus
37%
23,4 mètres Mamenchisaurus
21%
45 mètres Seismosaurus
18%
42 mètres Supersaurus
17%
26 mètres Giraffatitan
15%
37 mètres Patagotitan
12%
26 mètres Barosaurus
6%
26,5 mètres Paralititan
4%
30 mètres Australotitan
2%
25 mètres Austroposeidon
1%
34 mètres Bruhathkayosaurus
1%
Aucun quiz correspondant
Distribution des résultats
% des personnes avec chaque résultat
Percentile par nombre de réponses
Votre historique - résultats
Vous n’avez pas pris ce quiz